00516nam a2200181 a 4500001001300000003000900013005001700022008004100039020001000080082001800090100001600108245004900124260006000173500003500233505002800268650002200296700001600318nice12345678IN_TiNIC20260116015239.0050524s2000 newa grp 000 0 eng  ac10000a954.165bIRA1 aIrali, Kakd aNagaland and Indiab The Blood and the Tears aNew DelhibQaumi Council Barai Taraqi-E-Urdu Langc2000 aincludes index and biblioraphy2 aForeign Parts 1701-1950 aNagaland-Politics1 aIrali, Kakd